Mixed Word: A-Z with J Quiz Stats

 Plays Quiz Updated Jan 22, 2012

     
Support Sporcle.
Go Orange.
Score 0/22 Timer 04:00
0 Plays Today
Scrambled Word Answer % Correct
JONABBANJO
91.5%
JONCURECONJURE
84.5%
JANGAGANJA
83.7%
JETCEDDEJECT
80.7%
JONEYENJOY
78%
JKCAHIHIJACK
74.5%
JANNI NINJA
74.2%
REINUJINJURE
73%
RAMIJOTYMAJORITY
70.7%
JETCOBOBJECT
69.6%
CUBJSETSUBJECT
69.2%
Scrambled Word Answer % Correct
JODRFFJORD
67.5%
STUNJUUNJUST
66.9%
MAPASAJPAJAMAS
62.9%
JIKOLLYKILLJOY
59.8%
BUJEUJJUJUBE
57.6%
JACETANDADJACENT
49.9%
GLOMAJLOGJAM
44.4%
JOEERICREJOICE
43.8%
KARTEERJERTEARJERKER
35.4%
JAWMERMINDWINDJAMMER
28.6%
JUIVERCEVERJUICE
15.8%

From the Vault

3 TV Shows, 1 Thing In Common II

by Ricky490

All TV shows should have Leslie Nielsen in common.
Remove Ads.
Support Sporcle.
Get the best of Sporcle when you Go Orange. This ad-free experience offers more features, more stats, and more fun while also helping to support Sporcle. Thank you for becoming a member.

Show Comments

Extras

Top Quizzes Today


Score Distribution

Your Account Isn't Verified!

In order to create a playlist on Sporcle, you need to verify the email address you used during registration. Go to your Sporcle Settings to finish the process.

Report this User

Report this user for behavior that violates our Community Guidelines.

Details: